000 00715nam a2200253Ia 4500
003 OSt
005 20220925211256.0
006 a|||||r|||| 00| 0
007 ta
008 220923b |||||||| |||| 00| 0 eng d
037 _cGeneral Book
040 _aRTL
_cRTL
_beng
041 _2eng
_aeng
082 _aY11:7:7, L7
100 _aDenzin Norman K
_935312
245 0 _aChildhood socialization
260 _aJeasey-Bass
_bSan Francis Co
_c1977
300 _axiii, 235p
_ccm.
490 _aJassey-Bass Social and Behavioral Science Series
500 _aBibliography 209-25
650 _aSocialisation
942 _hY11:7:7, L7
_cGB
_2CC
999 _c557179
_d557179